Borussia Dortmund - Les joueurs à plus de 100 matchs - Statistiques

Statistiques générales
  • Ce quiz a été pris 270 fois
  • Le résultat moyen est 10 sur 21
Statistiques - réponses
Joueurs Matchs % Correct
Marco Reus 182
98%
Mats Hummels 273
93%
Robert Lewandowski 131
88%
Mario Gotze 156
80%
Pierre Emerick Aubameyang 144
73%
Lukasz Piszczek 244
70%
Roman Burki 147
66%
Roman Weidenfeller 349
65%
Ilkay Gundogan 105
59%
Marcel Schmelzer 251
57%
Jakub Blaszczykowski 197
53%
Neven Subotic 196
49%
Nuri Sahin 223
40%
Shinji Kagawa 148
34%
Sven Bender 158
33%
Kevin GroBkreutz 176
27%
Sebastian Kehl 274
23%
Julian Weigl 171
13%
Dedé 322
11%
Sokratis Papastathopoulos 130
6%
Florian Kringe 151
0%
Aucun quiz correspondant
Distribution des résultats
% des personnes avec chaque résultat
Percentile par nombre de réponses
Votre historique - résultats
Vous n’avez pas pris ce quiz